| 000 | 00863nam a2200229 i 4500 | ||
|---|---|---|---|
| 001 | 150632 | ||
| 003 | ES-MaACL | ||
| 005 | 20230906203617.0 | ||
| 007 | t| | ||
| 008 | 071031s1964 sp ad ||||1| spa d | ||
| 080 | _a621.3(075.3) | ||
| 100 | 1 |
_aValenciano Polack, Antonio. _9112580 |
|
| 245 | 1 | 0 |
_aTecnología _b: rama eléctrica y electrónica : primer curso del grado de aprendizaje industrial / _cAntonio Valenciano Polack, Jesús de Vega y de Vega. |
| 260 |
_aBarcelona : _bLibrería Salesiana, _ccop. 1964. |
||
| 300 |
_a160, [6] p. de tablas : _bil. bl. y n. ; _c21 cm. |
||
| 490 | 1 | _aFormación profesional industrial | |
| 650 | 4 |
_aPráctica de taller. _916334 |
|
| 700 | 1 |
_aVega y de Vega, Jesús de. _9113629 |
|
| 830 | 0 |
_aFormación profesional industrial _9183866 |
|
| 852 |
_aES-MaACL _j2305-F-12 _xOlim P-470-Ter |
||
| 999 |
_c150632 _d150632 |
||